<?xml version="1.0" encoding="UTF-8"?>
<collection xmlns="http://www.loc.gov/MARC21/slim">
 <record>
  <leader>01045nam a22001931  4500</leader>
  <controlfield tag="001">1/15203</controlfield>
  <controlfield tag="008">990901s1973    gr            000 0 gre  </controlfield>
  <datafield tag="035" ind1=" " ind2=" ">
   <subfield code="l">15696</subfield>
  </datafield>
  <datafield tag="040" ind1=" " ind2=" ">
   <subfield code="a">DLC</subfield>
   <subfield code="b">GR-PeUP</subfield>
  </datafield>
  <datafield tag="090" ind1=" " ind2=" ">
   <subfield code="a">355.027 2 ΠΟ</subfield>
  </datafield>
  <datafield tag="100" ind1="1" ind2=" ">
   <subfield code="a">Πουλαντζάς, Νικόλαος Μ.</subfield>
  </datafield>
  <datafield tag="245" ind1="1" ind2="0">
   <subfield code="a">Διπλωματική ιστορία της τριπλής συμμαχίας και της τριπλής συνεννοήσεως, τεύχος α' :</subfield>
   <subfield code="b">Diplomatic history of the triple alliance and the triple entente /</subfield>
   <subfield code="c">Νικολάου Μ. Πουλαντζά.</subfield>
  </datafield>
  <datafield tag="260" ind1=" " ind2=" ">
   <subfield code="a">Αθήναι :</subfield>
   <subfield code="b">[χ.ό.] ,</subfield>
   <subfield code="c">1973.</subfield>
  </datafield>
  <datafield tag="300" ind1=" " ind2=" ">
   <subfield code="a">47 σ. ;</subfield>
   <subfield code="c">24 εκ.</subfield>
  </datafield>
  <datafield tag="650" ind1=" " ind2="4">
   <subfield code="a">Ιστορία.</subfield>
  </datafield>
  <datafield tag="650" ind1=" " ind2="4">
   <subfield code="a">Διπλωματία</subfield>
   <subfield code="x">Ιστορία.</subfield>
  </datafield>
  <datafield tag="852" ind1=" " ind2=" ">
   <subfield code="a">INST</subfield>
   <subfield code="b">UNIPILB</subfield>
   <subfield code="c">MAIN</subfield>
   <subfield code="e">20140312</subfield>
   <subfield code="h">355.027 2 ΠΟ</subfield>
   <subfield code="p">00011270</subfield>
   <subfield code="q">00011270</subfield>
   <subfield code="t">LOAN</subfield>
   <subfield code="v">τομ. :</subfield>
   <subfield code="y">0</subfield>
   <subfield code="4">3</subfield>
  </datafield>
  <datafield tag="852" ind1=" " ind2=" ">
   <subfield code="a">INST</subfield>
   <subfield code="b">UNIPILB</subfield>
   <subfield code="c">MAIN</subfield>
   <subfield code="e">20070116</subfield>
   <subfield code="h">355.027 2 ΠΟ</subfield>
   <subfield code="p">00132102</subfield>
   <subfield code="q">00132102</subfield>
   <subfield code="t">LOAN</subfield>
   <subfield code="v">τ.α:</subfield>
   <subfield code="y">0</subfield>
   <subfield code="z">τ.α</subfield>
   <subfield code="4">6</subfield>
  </datafield>
  <datafield tag="852" ind1=" " ind2=" ">
   <subfield code="a">INST</subfield>
   <subfield code="b">UNIPILB</subfield>
   <subfield code="c">MAIN</subfield>
   <subfield code="e">20040709</subfield>
   <subfield code="h">355.027 2 ΠΟ</subfield>
   <subfield code="p">00132114</subfield>
   <subfield code="q">00132114</subfield>
   <subfield code="t">LOAN</subfield>
   <subfield code="v">τ.α:</subfield>
   <subfield code="y">0</subfield>
   <subfield code="z">τ.α</subfield>
   <subfield code="4">1</subfield>
  </datafield>
 </record>
</collection>
